Responses for show #1307 - Tuesday, April 17, 1990

Contestants

Jim George, a history teacher from Hazleton, Pennsylvania

Liz Barnea, a librarian from Billings, Montana

Steve Mueller, an agency manager from Milwaukee, Wisconsin (whose 1-day cash winnings total $15,000)

Jeopardy! Round responses

"BLUE" MOVIES
MEDICINE
SUPERSTITIONS
PROVERBS
MEAT
POTATOES
    $100 1
The Blue Lagoon

Jim
    $100 26
a pap smear

Jim
    $100 2
money

Jim
    $100 20
revenge

Jim
    $100 21
loin

Jim
    $100 7
chips

Jim
    $200 12
The Blue Angel

Jim
    $200 27
hemophilia

Steve
    $200 3
throwing rice

Jim
    $200 16
bees

Jim
    $200 22
(Jim: What is a suckling pig?)

porker

Jim
Triple Stumper
    $200 8
cut them down

Steve
    $300 9
Rhapsody in Blue

Jim
    $300 28
chronic

Liz
    $300 4
Japan

Jim
    $300 17
(Steve: What is the lip?)

the tongue

Steve
Triple Stumper
    $300 23
(Jim: What is New Zealand?)

Australia

SteveJim
    $300 13
white

Jim
    $400 10
Blue Hawaii & G.I. Blues

Jim
    $500 29
[The end-of-round signal sounds.]
(Alex: And our last clue for $500 will be hidden.)

vitamin D

Liz
    $400 5
hex signs

Jim
    $400 18
a hole

Jim
    $400 24
sweetbreads

Steve
    $400 14
(Jim: What is the U.S.?)
(Steve: What is Ireland?)

the Soviet Union

SteveJim
Triple Stumper
    $500 11
(Jim: What is Red Roses for a Blue Lady?)

Blue Velvet

SteveJim
    $500 6
to kill a mockingbird

Liz
    $500 19
"See a pin and pick it up, and all the day you shall have good luck."

Jim
    $500 25
(Alex: Minute to go in the round.)

B-O-L-O-G-N-A

Jim
    $500 15
Russet (or Burbank)

Steve

Scores at the first commercial break (after clue 15):

Steve Liz Jim
$800 $500 $1,500

Scores at the end of the Jeopardy! Round:

Steve Liz Jim
$1,400 $1,300 $2,900

Double Jeopardy! Round responses

THE 4 SEASONS
U.S. STATES
FICTIONAL SERVANTS
WORLD HISTORY
TRANSPORTATION
IRVING BERLIN
    $200 18
Summer & Winter

Steve
    $200 1
Hawaii

Liz
    $200 30
Juliet's nurse

Steve
    $200 13
Benito Mussolini

Jim
    $200 25
blimps

Jim
    $200 11
"Alexander's Ragtime Band"

Steve
    $400 20
a spring chicken

Steve
    $400 2
(Jim: What is North Dakota?)

South Dakota

LizJim
    $400 10
Mary Poppins

Steve
    $400 14
the Sorbonne

Jim
    $400 26
(Alex: Minute to go in the round.)

lifeboats

Steve
    $400 8
"God Bless America"

Liz
    $600 22
spring & fall

Liz
    $600 3
Iowa

Steve
    $600 12
cook

Jim
    $600 15
Finland

Liz
    $600 27
Bay Area Rapid Transit

Steve
    $1,800 4
"Blue Skies"

Steve
    $800 23
summer

Steve
    $800 6
Utah

Triple Stumper
    $800 19
Jeeves

Jim
    $800 16
the Gulf of Tonkin

Jim
    $800 28
(Liz: What is steam?)
(Steve: What is coal?)

horses

SteveLiz
Triple Stumper
    $800 5
Annie Get Your Gun

Liz
    $1000 24
(Steve: What are winter & summer?)

winter & spring

SteveLiz
    $1000 7
(Jim: What is Kentucky?)

North Carolina

LizJim
    $1000 21
The Maids

Triple Stumper
    $1000 17
Poland

Jim
    $300 29
(Steve: What is the Massachusetts Bay Colony?)

Jamestown

Steve
    $1000 9
"Irving Berlin is American music"

Steve

Scores at the end of the Double Jeopardy! Round:

Steve Liz Jim
$5,900 $5,500 $5,500

[wagering suggestions for these scores]

Final Jeopardy! Round responses

MAGAZINES
JimWhat are Scrivner's & The Atlantic?
$5,500
LizWhat are The Atlantic Monthly & Harpers?
$5,500
SteveWhat are the Atlantic Monthly & Redbook?
$5,200
The Atlantic Monthly & Harpers

Final scores:

Steve Liz Jim
$700 $11,000 $0
2nd place: Ashley bedroom group New champion: $11,000 3rd place: a Smith Corona PWP 7000 "Laptop" word processor

Game dynamics:

Coryat scores:

Steve Liz Jim
$5,000 $5,400 $5,500
17 R
(including 1 DD),
5 W
(including 1 DD)
11 R
(including 1 DD),
1 W
24 R,
6 W

Combined Coryat: $15,900

The J! Archive is created by fans, for fans. The Jeopardy! game show and all elements thereof, including but not limited to copyright and trademark thereto, are the property of Jeopardy Productions, Inc. and are protected under law. This website is not affiliated with, sponsored by, or operated by Jeopardy Productions, Inc. Join the discussion at JBoard.tv.